Risk Society : Towards a New Modernity
Αποθηκεύτηκε σε:
| Κύριος συγγραφέας: | |
|---|---|
| Άλλοι συγγραφείς: | |
| Μορφή: | Βιβλίο |
| Γλώσσα: | English |
| Δημοσίευση: |
London :
Sage Publ.,
1992.
|
| Σειρά: | Theory, culture and society
|
| Ετικέτες: |
Προσθήκη ετικέτας
Δεν υπάρχουν, Καταχωρήστε ετικέτα πρώτοι!
|
MARC
| LEADER | 00000cam a2200000 i 4500 | ||
|---|---|---|---|
| 001 | 1/28810 | ||
| 008 | 960619s1992 enk ||| | eng|| | ||
| 020 | |a 080398345X | ||
| 035 | |a 1995 |c ΤΣΙΒΑΚΟΥ |l 10038167 | ||
| 040 | |a GR-MyUA |b gre |e AACR2 | ||
| 041 | 1 | |a eng | |
| 082 | 0 | |a 306 | |
| 100 | 1 | |a Beck, Ulrich |d 1944- | |
| 245 | 1 | 0 | |a Risk Society : |b Towards a New Modernity / |c Urrich Beck ; Translated by Mark Ritter. |
| 260 | |a London : |b Sage Publ., |c 1992. | ||
| 300 | |a 260 σ. ; |c 24 εκ. | ||
| 490 | 1 | |a (Theory, culture & society) | |
| 500 | |a Περιέχει βιβλιογραφικές αναφορές και ευρετήριο. | ||
| 700 | 1 | |a Ritter, Mark, |e trl | |
| 830 | 0 | |a Theory, culture and society | |
| 852 | |a INST |b SAMOS |e 19960619 |h 306 BEC |p 005300005212 |q 005300005212 |t BK |y 0 | ||
| 909 | |a Σ |b 039126 | ||